[Event "Mecklenburg VP Landesliga West 1920"]
[Site "Mecklenburg VP"]
[Date "2020.01.19"]
[Round "5.7"]
[White "Schmidt, Wolfgang5"]
[Black "Morosova, Svetlana"]
[Result "0-1"]
[WhiteElo "1732"]
[BlackElo "1675"]
[PlyCount "64"]
[EventDate "2019.09.29"]
[EventType "team-tourn"]
[EventRounds "9"]
[EventCountry "GER"]
[SourceTitle "EXT 2023"]
[Source "ChessBase"]
[SourceDate "2022.10.05"]
[SourceVersion "1"]
[SourceVersionDate "2022.10.05"]
[SourceQuality "1"]
[WhiteTeam "Schwerin SF IV"]
[BlackTeam "Think Rochade"]
[WhiteTeamCountry "GER"]
[BlackTeamCountry "GER"]

1. d4 Nf6 2. Nf3 g6 3. c4 Bg7 4. Nc3 d6 5. e4 0-0 6. Be2 e5 7. d5 Nbd7 8. h3 h6 9. Be3 a6 10. 0-0 Kh7 11. b4 b6 12. Rc1 a5 13. a3 Ng8 14. Nh2 f5 15. f3 f4 16. Bf2 Qe7 17. Nb5 Ndf6 18. c5 bxc5 19. bxc5 Ne8 20. cxd6 cxd6 21. Rc2 Ngf6 22. Qc1 Bd7 23. Qd2 Nh5 24. Rfc1 Qg5 25. h4 Qd8 26. Qe1 Bf6 27. Ng4 Be7 28. Nc7 Nxc7 29. Rxc7 Rc8 30. Qc3 Ng3 31. Ba6 Ra8 32. Bb7 Ne2+ 0-1

[Event "Regionalliga Nord 1718 (Women)"]
[Site "Germany"]
[Date "2017.12.17"]
[Round "3.1"]
[White "Morosova, Svetlana"]
[Black "Glinzner, Alva"]
[Result "1/2-1/2"]
[WhiteElo "1668"]
[BlackElo "1630"]
[PlyCount "35"]
[EventDate "2017.10.15"]
[EventType "team-tourn"]
[EventRounds "5"]
[EventCountry "GER"]
[SourceTitle "CBM 183 Extra"]
[Source "ChessBase"]
[SourceDate "2018.04.19"]
[SourceVersion "1"]
[SourceVersionDate "2018.04.19"]
[SourceQuality "1"]
[WhiteTeam "Ludwigslust (W)"]
[BlackTeam "Luebeck (W)"]
[WhiteTeamCountry "GER"]
[BlackTeamCountry "GER"]

1. d4 Nf6 2. Nf3 e6 3. Bf4 b6 4. e3 Bb7 5. Bd3 Be7 6. 0-0 0-0 7. Nbd2 d5 8. h3 c5 9. c3 Nc6 10. Ne5 Bd6 11. Nxc6 Bxc6 12. Bg5 Be7 13. Qf3 Rc8 14. Rac1 Qc7 15. Bf4 Bd6 16. Bg5 Be7 17. Bf4 Bd6 18. Bg5 1/2-1/2

[Event "Rostock SSC op 16th"]
[Site "Rostock"]
[Date "2017.07.30"]
[Round "7"]
[White "Raitza, Egon"]
[Black "Morosova, Svetlana"]
[Result "1/2-1/2"]
[WhiteElo "1762"]
[BlackElo "1658"]
[PlyCount "113"]
[EventDate "2017.07.26"]
[EventType "swiss"]
[EventRounds "7"]
[EventCountry "GER"]
[SourceTitle "EXT 2018"]
[Source "ChessBase"]
[SourceDate "2017.10.13"]
[SourceVersion "1"]
[SourceVersionDate "2017.10.13"]
[SourceQuality "1"]

1. d4 Nf6 2. c4 e6 3. Nc3 b6 4. e3 Bb7 5. f3 Be7 6. Bd3 d5 7. Nge2 c5 8. cxd5 exd5 9. 0-0 0-0 10. Bd2 Nc6 11. Rc1 c4 12. Bb1 a6 13. Be1 b5 14. a3 Na5 15. Bc2 Bd6 16. Bg3 Nh5 17. Bxd6 Qxd6 18. Qe1 Nc6 19. Ng3 Nxg3 20. Qxg3 Qxg3 21. hxg3 Ne7 22. Kf2 f5 23. Rh1 g6 24. f4 h5 25. Bd1 Rfd8 26. Bf3 Bc6 27. Ra1 Ra7 28. Ra2 Rda8 29. Rha1 Kf7 30. Ke2 Ke8 31. Kd2 Kd7 32. Bd1 Rb8 33. b4 Kc7 34. Ne2 Nc8 35. Ng1 Nd6 36. Bc2 Rba8 37. Nf3 Kb6 38. Ne5 Be8 39. a4 bxa4 40. Bxa4 Nb5 41. Bxb5 axb5 42. Rxa7 Rxa7 43. Rxa7 Kxa7 44. Kc3 Kb6 45. Kd2 Kc7 46. Ke2 Kd6 47. Nf3 Ke7 48. Nd2 Kd6 49. Nb1 Ke7 50. Nc3 Kd6 51. Kf2 Ke6 52. Kg1 Bc6 53. Kh2 Kf6 54. Kh3 Kg7 55. Kh4 Kf6 56. Ne2 Ba8 57. Nc3 1/2-1/2

[Event "GER-ch (Women)"]
[Site "Bad Wiessee"]
[Date "2017.04.04"]
[Round "5"]
[White "Morosova, Svetlana"]
[Black "Arnhold, Steffi"]
[Result "1/2-1/2"]
[WhiteElo "1674"]
[BlackElo "1591"]
[PlyCount "42"]
[EventDate "2017.03.31"]
[EventType "swiss"]
[EventRounds "9"]
[EventCountry "GER"]
[SourceTitle "CBM 177 Extra"]
[Source "ChessBase"]
[SourceDate "2017.04.27"]
[SourceVersion "1"]
[SourceVersionDate "2017.04.27"]
[SourceQuality "1"]

1. d4 Nf6 2. e3 e6 3. f4 b6 4. Bd3 Bb7 5. Nf3 Ne4 6. Nbd2 f5 7. 0-0 Be7 8. Bxe4 fxe4 9. Ng5 Bxg5 10. Qh5+ g6 11. Qxg5 Qxg5 12. fxg5 d5 13. b3 Nd7 14. Bb2 Rf8 15. Rxf8+ Kxf8 16. Rf1+ Kg8 17. Rf2 Rf8 18. Rxf8+ Kxf8 19. Kf2 Kf7 20. Kg3 a5 21. c4 Ba6 1/2-1/2

[Event "GER-chT Federal Cup (Women)"]
[Site "Braunfels"]
[Date "2014.06.19"]
[Round "1.1"]
[White "Kryger, Oksana"]
[Black "Morosova, Svetlana"]
[Result "1-0"]
[WhiteElo "2055"]
[BlackElo "1531"]
[PlyCount "67"]
[EventDate "2014.06.19"]
[EventType "team-swiss"]
[EventRounds "5"]
[EventCountry "GER"]
[SourceTitle "EXT 2015"]
[Source "ChessBase"]
[SourceDate "2014.11.20"]
[SourceVersion "1"]
[SourceVersionDate "2014.11.20"]
[SourceQuality "1"]
[WhiteTeam "Nordrhein Westfalen (W)"]
[BlackTeam "Mecklenburg Vorpommern (W)"]
[WhiteTeamCountry "GER"]
[BlackTeamCountry "GER"]

1. d4 Nf6 2. c4 g6 3. g3 Bg7 4. Bg2 d6 5. Nc3 0-0 6. e4 Nbd7 7. Nge2 e5 8. 0-0 a6 9. h3 Re8 10. Be3 Nf8 11. Qc2 exd4 12. Nxd4 Ne6 13. Rad1 Nxd4 14. Bxd4 Nd7 15. Bxg7 Kxg7 16. Nd5 c6 17. Qc3+ Kg8 18. Nf4 Qf6 19. Qxf6 Nxf6 20. Rfe1 Be6 21. Rxd6 Red8 22. Rxd8+ Rxd8 23. e5 Ne8 24. Nxe6 fxe6 25. Re2 Ng7 26. g4 Rd4 27. b3 Ne8 28. Be4 Kg7 29. f4 Nc7 30. Kf2 h6 31. Ke3 Rd7 32. Rd2 Re7 33. Rd8 Ne8 34. Kd4 1-0